00922nam a2200241 a 450000100100000000500170001000800410002704100100006804300120007808200220009024500870011226000640019930000440026349000370030750000300034450400410037465000510041565000480046665000450051465000330055965000330059265000550062500008102920200120224422.0161109s2015 ck ||||gr|||| 001 ||spa d0 a/+spa as-ck---04a658.4012bG8422110aGuía para la formulación, medición y análisis de indicadores de gestión. a[Bogotá?] :bConsejo Superior de la Judicatura,c[2015?]. a109 páginas :bilustraciones a color. 0aSala Administrativa: módulov2 aIncluye índice y anexos aReferencias bibliográficas : p. 8917aAdministración de empresasxMediciones2LEMB27aProductividad del trabajoxMediciones2LEMB27aRendimiento industrialxMediciones2LEMB27aMedición del trabajo2LEMB27aAnálisis ocupacional2LEMB27aIndicadores de eficiencia (administración)2LEMB